Výroba kolagénu

Gespeichert in:
Bibliographische Detailangaben
1. Verfasser: Bednárik, Maroš Jozef (Verfasst von)
Weitere Verfasser: Illeová, Viera (Betreuung Doktorarbeit)
Format: Manuskript Buch
Sprache:Slowakisch
Veröffentlicht: 2024
Schlagworte:
Online-Zugang:http://is.stuba.sk/zp/portal_zp.pl?podrobnosti=169099
Tags: Tag hinzufügen
Keine Tags, Fügen Sie das erste Tag hinzu!

MARC

LEADER 00000ntm a22000003a 4500
001 stuzp99437
003 SK-STU
005 20240622210943.8
007 ta
008 150427s2015----xo-----f-mn---000-0-slo-d
040 |a STU  |b slo 
041 0 |a slo 
100 1 |a Bednárik, Maroš Jozef  |u 046230  |4 aut  |U FCHPT Ústav chemického a environmentálneho inžinierstva  |T FCHPT Oddelenie chemického a biochemického inžinierstva  |X 116338  |U C6230  |Y 119  |7 116338 
242 0 1 |a Collagen production  |y eng 
245 1 0 |a Výroba kolagénu 
260 |c 2024 
650 4 |a bioreaktor  |2 slo 
650 4 |a fermentor  |2 slo 
650 4 |a kolagén  |2 slo 
650 4 |a rekombinantný kolagén  |2 slo 
650 4 |a E. coli  |2 slo 
650 4 |a bioreactor  |2 eng 
650 4 |a fermenter  |2 eng 
650 4 |a collagen  |2 eng 
650 4 |a recombinant collagen  |2 eng 
650 4 |a E. coli  |2 eng 
700 1 |a Illeová, Viera  |u 046230  |k Z2  |4 ths  |U FCHPT Ústav chemického a environmentálneho inžinierstva  |T FCHPT Oddelenie chemického a biochemického inžinierstva  |X 3981  |U C6230  |Y 119  |7 A000003981 
856 4 |u http://is.stuba.sk/zp/portal_zp.pl?podrobnosti=169099